000 01712nam a2200325 4500
001 0
003 DR-UNIBE
005 20250711142713.0
008 250711b2025 dr ||||| |||| 00| 0 spa d
020 _a9789945511208
040 _aBIBLIOTECA UNIBE
_bspa
_cBIBLIOTECA UNIBE
041 _aspa
041 _aeng
082 _222
_aRD 333.9538 M533c
245 _aMemorias de la conferencia valorización de residuos agrícolas y sargazo
260 _aSanto Domingo :
_bInstituto Tecnológico de Santo Domingo (INTEC) ;
_bSARGARD :
_bEmbajada de Francia en República Dominicana :
_bMinistère de l'Europe et des Affaires Étrangères,
_c2025
300 _axi, 61 páginas :
_bilustraciones ;
_c27 cm.
500 _a28 y 29 de octubre del 2024 en el marco del proyecto Cooperación Franco-Dominicana en materia de Gestión de Desechos Agrícolas y Sargazo.
520 3 _aRecopila las ponencias y reflexiones presentadas en la conferencia sobre valorización de residuos agrícolas y sargazo, destacando iniciativas de sostenibilidad, economía circular y tecnologías de transformación de residuos en recursos útiles en la República Dominicana y el Caribe.
650 7 _2lemb
_aResiduos agrícolas
_vCongresos, conferencias, etc.
_9197264
650 7 _2lemb
_aAlgas marinas
_xAspectos ambientales
_vCongresos, conferencias, etc.
_9197265
650 7 _2lemb
_aTratamiento de residuos
_9796
650 _aEconomía circular
_9197266
650 7 _2lemb
_aDesarrollo sostenible
653 _aSargazos (Mar)
700 1 _aJáuregui-Haza, Ulises Javier
_eeditor
_9197258
700 1 _aSmith Pujols, Yvette
_eeditor
_9197259
700 1 _aPicón Chaparro, María Carla
_ecuidado de edición
_9197260
942 _2ddc
_cBK
999 _c113866
_d113866